BIBLIOTECA PODER JUDICIAL
Portal Judicial TDF

Niños migrantes : (Registro nro. 5510)

000 -LEADER
fixed length control field 01172nab a22002417a 4500
003 - CONTROL NUMBER IDENTIFIER
control field OSt
005 - DATE AND TIME OF LATEST TRANSACTION
control field 20251210133823.0
008 - FIXED-LENGTH DATA ELEMENTS--GENERAL INFORMATION
fixed length control field 190604e xxu||||| |||| 00| 0 spa d
040 ## - CATALOGING SOURCE
Transcribing agency PJ
100 ## - MAIN ENTRY--PERSONAL NAME
9 (RLIN) 6498
Personal name Barraza, Flavia Verónica
245 10 - TITLE STATEMENT
Title Niños migrantes :
Remainder of title el interés...¿superior? /
Statement of responsibility, etc Flavia Verónica Barraza.
260 ## - PUBLICATION, DISTRIBUTION, ETC. (IMPRINT)
Place of publication, distribution, etc Ciudad Autónoma de Buenos Aires :
Name of publisher, distributor, etc Thomson Reuters La Ley,
Date of publication, distribution, etc 2025.
300 ## - PHYSICAL DESCRIPTION
Extent p. 29-35
500 ## - GENERAL NOTE
General note Cita Online: TR LALEY AR/DOC/1931/2025.<br/>
505 ## - FORMATTED CONTENTS NOTE
Formatted contents note Sumario: I. Presentación del tema.— II. Especial afectación de NNA en el contexto de la migración.— III. Problema.— IV. Actualidad.— V. ¿Derecho a la salud?— VI. Conclusión.— VII. Propuestas.— VIII. Bibliografía consultada.
505 ## - FORMATTED CONTENTS NOTE
Title ¿Te interesa el texto completo? Solicitalo al correo: koha@justierradelfuego.gov.ar
650 #0 - SUBJECT ADDED ENTRY--TOPICAL TERM
9 (RLIN) 178
Topical term or geographic name as entry element DERECHO CONSTITUCIONAL
650 #0 - SUBJECT ADDED ENTRY--TOPICAL TERM
9 (RLIN) 6467
Topical term or geographic name as entry element NACIONALIDAD
650 #0 - SUBJECT ADDED ENTRY--TOPICAL TERM
9 (RLIN) 6468
Topical term or geographic name as entry element CIUDADANIA
650 #0 - SUBJECT ADDED ENTRY--TOPICAL TERM
9 (RLIN) 221
Topical term or geographic name as entry element JURISPRUDENCIA
773 0# - HOST ITEM ENTRY
Host Biblionumber 2714
Host Itemnumber 3171
Place, publisher, and date of publication Ciudad Autónoma de Buenos Aires : Thomson Reuters La Ley, 2014-
Title Revista anales de legislación argentina. Nº 11 - Noviembre 2025.
942 ## - ADDED ENTRY ELEMENTS (KOHA)
Source of classification or shelving scheme
Koha item type Analítica Artículo de Revista

No hay ítems disponibles.

12 de Octubre 789 Ushuaia - Tel:  54(02901)441571
Horario de Atención: 8.00 a 17.00 hs. 
bibliotecaush@justierradelfuego.gov.ar
koha@justierradelfuego.gov.ar
Seguinos en nuestras redes @bibliojustdf 

Con tecnología Koha